| 000 | 00373pab a2200157 454500 | ||
|---|---|---|---|
| 008 | 180718b2003 xxu||||| |||| 00| 0 eng d | ||
| 100 | _aSrivastava, Gouri | ||
| 245 | _aWomen's studies in India | ||
| 260 | _c2003 | ||
| 300 | _ap.4-7. | ||
| 362 | _a28 Jul | ||
| 650 | _aWomens studies - India | ||
| 650 | _aWomens studies | ||
| 773 | _aUniversity News | ||
| 909 | _a57499 | ||
| 999 |
_c57499 _d57499 |
||